000
00308 a2200157 4500
001
165238
020
_a
040
_c
Magnum
100
_a
Rettore, Paola
240
1
0
_a
O anjo da danca
_l
por
245
1
0
_a
O anjo da danca
362
0
_a
1899
440
1
_a
Dimensão
697
_a
IJ/GERAL
942
_c
BK
999
_c
165238
_d
165238